000 00300nam a22001217a 4500
999 _c10729
_d10729
003 OSt
005 20220630121044.0
008 220630b ||||| |||| 00| 0 eng d
100 _aFrances melanie obst
245 _aArt and Design in home living
260 _aNew york
_bMacmillan company
942 _2ddc